Responses for Show #5205 - Friday, April 6, 2007

Contestants

[<< previous game]

Susan Herder, a science teacher from St. Paul, Minnesota

William Thill, a teacher from Los Angeles, California

Ron Grant, a consulting company president from Greenville, South Carolina (whose 1-day cash winnings total $19,001)

[next game >>]

Jeopardy! Round responses

HISTORIC QUOTATIONS
RELIGION
THE W.C.
(Alex: Each response will be two words: the first word starts with a "W"; the second word will begin with the letter "C".)
COUNTRIES' MEDALS & DECORATIONS
(Alex: You identify name the country.)
ISLANDS IN LITERATURE
I DO IMPRESSIONS
(Alex: ...but not particularly well, so be careful.)
    $200 1
(Leonardo) da Vinci

William
    $200 2
a saint

William
    $200 10
(Alex: Like ours.)

the water cooler

Ron
    $200 25
Egypt

Ron
    $200 17
The Tempest

William
    $200 11
Bob Dylan

William
    $400 4
(Susan: Who is Churchill?)
...
(Alex: His predecessor.)

(Neville) Chamberlain

RonSusan
    $400 3
Hanukkah

Ron
    $400 12
the wedding cake

Susan
    $400 26
Mexico

Ron
    $400 19
Catch-22

William
    $400 13
Borat

Susan
    $600 5
"What hath God wrought?"

William
    $600 7
Islam

William
    $600 18
war crimes

Ron
    $600 27
Japan

Susan
    $600 22
(Ron: Who is McKinley?)

Abraham Lincoln

Ron
Triple Stumper
    $600 14
Jack Nicholson

Susan
    $800 6
(Ron: What is Somalia?)

Lebanon

Ron
Triple Stumper
    $800 8
Hinduism

William
    $800 20
whooping cough

Susan
    $800 28
the Netherlands

William
    $600 23
(Susan: What is Crete?)
...
(Alex: Small, short wall. 2 1/2 feet.)

Lilliput

Susan
    $800 15
Sean Connery

Susan
    $1000 30
the face of God

Susan
    $1000 9
(Alex: Popes issue [*].)

an encyclical

Triple Stumper
    $1000 21
a waxing crescent

Susan
    $1000 29
(Alex: The Hashemite Kingdom is [*].)

Jordan

Triple Stumper
    $1000 24
The Naked and the Dead

Triple Stumper
    $1000 16
(Alex: Yes! I did it well. Maybe not.)

Mini-Me

Susan

Scores at the first commercial break (after clue 16):

Ron William Susan
$200 $2,600 $2,800

Scores at the end of the Jeopardy! Round:

Ron William Susan
$800 $4,000 $5,600

Double Jeopardy! Round responses

MASSACHUSETTS
(Alex: What's there not to like about [*]?)
THEIR ALBUMS ROCK
FRUITS & VEGETABLES
1976
"YX"? THAT'S FOR ME TO KNOW
I DO IMPRESSIONISTS
(Alex: ...but not as well as I do impressions.)
    $400 6
Paul Revere

Susan
    $400 7
U2

William
    $400 18
(Alex: I think you're overcomplicating [*].)
(Ron: A [*]--of course.)

radish

Triple Stumper
    $400 1
Patricia Hearst

Ron
    $400 8
onyx

Susan
    $400 17
Degas

Ron
    $800 27
motorcycles

Ron
    $800 9
Beck

Susan
    $800 19
(Alex: [as Borat] It's [*], like the clue.)

a lemon

Triple Stumper
    $800 2
(Ron: What is South Korea?)
(Alex; No. What is [*]? You meant to say that, I know.)
(Ron: Yes, I certainly did.)

South Vietnam

Ron
Triple Stumper
    $800 13
Styx

Susan
    $800 21
(Georges) Seurat

William
    $1200 28
(Ron: What is lamp oil?)
...
(Alex: What is [*]? [*] in 1978.)

whale oil

Ron
Triple Stumper
    $1200 10
Radiohead

Susan
    $1200 20
asparagus

William
    $1200 3
Innsbruck

Triple Stumper
    $1200 14
(Alex; Who did Patrick Ewing play for? The New York Knicks, and this is [*].)

Nyx

Triple Stumper
    $1200 22
Monet

William
    $1600 29
Williams

Susan
    $1600 11
(Alex: Susan, we stumped you with [*].)

The White Stripes

Triple Stumper
    $2,000 25
(William: What's a papaya?)

passion fruit

William
    $1600 4
Entebbe

Ron
    $1600 15
the coccyx

Susan
    $1600 23
(Mary) Cassatt

William
    $4,000 30
(Susan: What is Bedford?)

Marblehead

Susan
    $2000 12
Coldplay

Susan
    $2000 26
a pineapple

Triple Stumper
    $2000 5
(Alex: Who is [*]? The other wife. Came later.)

Isabel

Ron
Triple Stumper
    $2000 16
an oryx

William
    $2000 24
(Alex: Why didn't you ring in and say [*], Bill?)
(William: Well, I didn't know for sure.)
(Alex: Oh, but you had an inkling.)

(Pierre-Auguste) Renoir

Triple Stumper

Scores at the end of the Double Jeopardy! Round:

Ron William Susan
$0 $9,200 $10,400

[wagering suggestions for these scores]

Final Jeopardy! Round responses

20th CENTURY BUSINESSMEN
(Alex: "Down-east merchant"--we hope that was of consderable help to you.)
...
(Alex: [Revealing Susan's response] She came up with [*] and down east in Maine.)
WilliamWho is [smiley-face]?
$1,201
SusanWho is L.L. Bean?
$8,001
L.L. Bean

Final scores:

Ron William Susan
$0 $7,999 $18,401
3rd place: $1,000 2nd place: $2,000 New champion: $18,401

Game dynamics:

Coryat scores:

Ron William Susan
$0 $11,200 $15,000
10 R,
5 W
15 R,
1 W
(including 1 DD)
17 R,
3 W
(including 2 DDs)

Combined Coryat: $26,200

[game clues] [game scores] [suggest correction]

Game tape date: 2007-01-24
The J! Archive is created by fans, for fans. Scraping, republication, monetization, and malicious use prohibited; this site may use cookies and collect identifying information. See terms. The Jeopardy! game show and all elements thereof, including but not limited to copyright and trademark thereto, are the property of Jeopardy Productions, Inc. and are protected under law. This website is not affiliated with, sponsored by, or operated by Jeopardy Productions, Inc. Join the discussion at JBoard.tv.